000 00657nam a2200253Ia 4500
003 OSt
005 20220918182250.0
006 a|||||r|||| 00| 0
007 ta
008 220917b |||||||| |||| 00| 0 eng d
024 _a31,584
037 _cTextual
040 _aARTS
_cARTS
_beng
041 _2eng
_aeng
082 _aO111,3M12,W, K1
100 _aDickens C
245 0 _aWreck of the Golden Mary
260 _aLondon
_bMethuen
_c1961
300 _a136p.
_ccm.
650 _aENGLISH LITERATURE
700 _a Collins W
_959941
942 _hO111,3M12,W, K1
_cTEXL
_2CC
999 _c168343
_d168343